000 00513cam a2200193ua 4500
020 _a81-72214-780-X
_cRs 195.00
041 _aeng
_h
082 _a620.106
_bROB/EN
100 _aRoberson, John A .
245 _aEngineering fluid mechanics /
_cJohn A Roberson.
_hTextual Documents
250 _a4 /
_b.
260 _aMumbai :
_bJaico Publishing House ,
_c1999.
300 _a730 ; .
365 _aRs 195.00
504 _a
700 1 _aCrowe, Clayton T .
942 _cBK
999 _c1999
_d1999